[Event "Chess Festival Groningen 2018 BC"]
[Site "Groningen, Netherlands"]
[Date "2018.12.23"]
[Round "3"]
[White "Johnson, Matthew"]
[Black "Baselmans, Daan"]
[Result "1-0"]
[WhiteElo "2010"]
[BlackElo "1566"]
[PlyCount "43"]
[EventDate "2018.12.??"]

1. e4 e6 2. Nf3 d5 3. Nc3 Nf6 4. Bd3 Bb4 5. exd5 Bxc3 6. bxc3 exd5 7. Ba3 Be6
8. Nd4 Nbd7 9. Qe2 c5 10. Nxe6 fxe6 11. Qxe6+ Qe7 12. Bf5 Qxe6+ 13. Bxe6 O-O-O
14. O-O b6 15. Rfe1 Kc7 16. d3 g5 17. Bc1 h6 18. f4 g4 19. f5 Nf8 20. Bf4+ Kc6
21. a4 Nxe6 22. Rxe6+ 1-0

[Event "Chess Festival Groningen 2018 BC"]
[Site "Groningen, Netherlands"]
[Date "2018.12.23"]
[Round "3"]
[White "Martinez, Anna"]
[Black "Bous, Florian"]
[Result "0-1"]
[WhiteElo "1868"]
[BlackElo "1994"]
[PlyCount "50"]
[EventDate "2018.12.??"]

1. e4 c5 2. Nf3 d6 3. d4 cxd4 4. Nxd4 Nf6 5. Nc3 a6 6. Be2 e5 7. Nf3 b5 8. a3
Bb7 9. Bg5 Nbd7 10. Bxf6 Nxf6 11. Bd3 Qc7 12. Qe2 Be7 13. O-O O-O 14. Rfd1 Rad8
15. Nd5 Nxd5 16. exd5 f5 17. c4 e4 18. Bxe4 fxe4 19. Nd4 Qxc4 20. Qxc4 bxc4 21.
Ne6 Rf5 22. Nxd8 Bxd8 23. Rd4 Bb6 24. Rxe4 Rxf2 25. Re6 Bxd5 0-1

[Event "Chess Festival Groningen 2018 BC"]
[Site "Groningen, Netherlands"]
[Date "2018.12.23"]
[Round "3"]
[White "Molanus, Eva"]
[Black "Kosse, Lukas"]
[Result "0-1"]
[WhiteElo "1282"]
[BlackElo "1544"]
[PlyCount "46"]
[EventDate "2018.12.??"]

1. d4 d5 2. c4 e6 3. Nc3 Nf6 4. cxd5 exd5 5. Nf3 Nc6 6. Bg5 Be7 7. e3 a6 8. Bd3
h6 9. Bh4 O-O 10. O-O Re8 11. Qc2 Nb4 12. Qd1 Nxd3 13. Qxd3 Bg4 14. e4 dxe4 15.
Nxe4 Bxf3 16. Bxf6 Bxe4 17. Qxe4 Bxf6 18. Qxb7 Qd6 19. Rfe1 Reb8 20. Qe4 Qxd4
21. Qc2 Rxb2 22. Qxc7 Qxf2+ 23. Kh1 Qxg2# 0-1

[Event "Chess Festival Groningen 2018 BC"]
[Site "Groningen, Netherlands"]
[Date "2018.12.23"]
[Round "3"]
[White "Molanus, Lennart"]
[Black "Molanus, Florian"]
[Result "1-0"]
[WhiteElo "1552"]
[BlackElo "1270"]
[PlyCount "44"]
[EventDate "2018.12.??"]

1. d4 d5 2. c4 c6 3. Nf3 Nf6 4. e3 e6 5. Nc3 Bd6 6. Qc2 Nbd7 7. Bd3 dxc4 8.
Bxc4 b5 9. Bd3 Bb7 10. e4 e5 11. O-O O-O 12. Rd1 exd4 13. Nxd4 a6 14. Nf5 Bc5
15. Bf4 Nh5 16. Qd2 Nxf4 17. Qxf4 Bb6 18. e5 Bc7 19. Nh6+ Kh8 20. Nxf7+ Rxf7
21. Qxf7 Nxe5 22. Qf5 Nxd3 1-0

[Event "Chess Festival Groningen 2018 BC"]
[Site "Groningen, Netherlands"]
[Date "2018.12.23"]
[Round "3"]
[White "Paans, Johnny"]
[Black "Waardenburg, Feline"]
[Result "0-1"]
[WhiteElo "1968"]
[BlackElo "1763"]
[PlyCount "54"]
[EventDate "2018.12.??"]

1. e4 c6 2. Nf3 d5 3. exd5 cxd5 4. Ne5 e6 5. d4 Nf6 6. Bd3 Bd6 7. O-O Nc6 8.
Bb5 Bd7 9. Bxc6 Bxc6 10. c3 Qc7 11. f4 O-O 12. Qe1 Ne4 13. Nd2 f6 14. Nxc6 Qxc6
15. Rf3 Rae8 16. Rh3 e5 17. Qh4 h6 18. Nxe4 dxe4 19. fxe5 fxe5 20. Bxh6 Be7 21.
Qg3 Bf6 22. Rf1 exd4 23. Qg6 Be5 24. Qg4 dxc3 25. Rxf8+ Rxf8 26. Be3 c2 27. Bc1
Bd4+ 0-1

[Event "Chess Festival Groningen 2018 BC"]
[Site "Groningen, Netherlands"]
[Date "2018.12.23"]
[Round "3"]
[White "Rogojina, Alexandru-Andrei"]
[Black "Grooten, Tommy"]
[Result "0-1"]
[WhiteElo "1300"]
[BlackElo "1552"]
[PlyCount "44"]
[EventDate "2018.12.??"]

1. Nf3 d5 2. e3 c5 3. Be2 Nc6 4. d4 e6 5. O-O Nf6 6. c4 Be7 7. Nc3 O-O 8. a3 b6
9. cxd5 exd5 10. Ne5 Bb7 11. Qc2 cxd4 12. Nxc6 Bxc6 13. exd4 Rc8 14. Rd1 Re8
15. b4 Bb7 16. Bb5 Rf8 17. Re1 Ne4 18. Bb2 Bg5 19. f3 Nd6 20. Bd3 g6 21. Re5
Re8 22. Qb3 Be3+ 0-1

[Event "Chess Festival Groningen 2018 BC"]
[Site "Groningen, Netherlands"]
[Date "2018.12.23"]
[Round "3"]
[White "Rupert, Casper"]
[Black "Waardenburg, Marlinde"]
[Result "1-0"]
[WhiteElo "2055"]
[BlackElo "1751"]
[PlyCount "65"]
[EventDate "2018.12.??"]

1. d4 Nf6 2. Bg5 g6 3. Bxf6 exf6 4. g3 Bg7 5. Bg2 d5 6. e3 O-O 7. Ne2 b6 8. c4
Bb7 9. Nbc3 Nd7 10. Nxd5 f5 11. O-O Rc8 12. Ne7+ Qxe7 13. Bxb7 Rcd8 14. Qc2 c5
15. Rad1 Rfe8 16. Nc3 Qg5 17. dxc5 Nxc5 18. Bc6 Rxd1 19. Rxd1 Rc8 20. Bf3 Rd8
21. Nd5 Ne6 22. h4 Qh6 23. Ne7+ Kf8 24. Rxd8+ Nxd8 25. Nc8 Be5 26. c5 Bc7 27.
cxb6 Bxb6 28. Nxb6 axb6 29. Qc8 Ke7 30. Qc7+ Ke8 31. Qxb6 Qg7 32. Bc6+ Nxc6 33.
Qxc6+ 1-0

[Event "Chess Festival Groningen 2018 BC"]
[Site "Groningen, Netherlands"]
[Date "2018.12.23"]
[Round "3"]
[White "Smit, Wim"]
[Black "Wahrenberg, Ralf"]
[Result "0-1"]
[WhiteElo "1440"]
[BlackElo "1849"]
[PlyCount "54"]
[EventDate "2018.12.??"]

1. e4 e5 2. Nf3 Nc6 3. Bb5 a6 4. Ba4 Nf6 5. d4 b5 6. Bb3 Be7 7. c3 d6 8. O-O
Na5 9. Bc2 c5 10. b4 cxb4 11. cxb4 Nc6 12. a3 Bg4 13. Bb2 Rc8 14. Nbd2 h6 15.
h3 Bh5 16. Re1 Nh7 17. Nf1 Ng5 18. N1h2 Qd7 19. Bc1 Nxf3+ 20. Nxf3 Nxd4 21. g4
Bxg4 22. Nxe5 dxe5 23. Qxg4 Qxg4+ 24. hxg4 Nf3+ 25. Kf1 Nxe1 26. Kxe1 Rxc2 27.
Kf1 O-O 0-1

[Event "Chess Festival Groningen 2018 BC"]
[Site "Groningen, Netherlands"]
[Date "2018.12.23"]
[Round "3"]
[White "Sprik, Sander"]
[Black "Beukema, Constantijn"]
[Result "1/2-1/2"]
[WhiteElo "1911"]
[BlackElo "1680"]
[PlyCount "78"]
[EventDate "2018.12.??"]

1. e4 e5 2. Nf3 Nc6 3. d4 exd4 4. Nxd4 Bc5 5. Nb3 Bb6 6. Nc3 Nf6 7. Qe2 O-O 8.
Be3 Re8 9. f3 d5 10. Bxb6 axb6 11. O-O-O Be6 12. e5 Nd7 13. f4 Nc5 14. Nd4 Nxd4
15. Rxd4 c6 16. Qh5 f5 17. Be2 Ne4 18. Nxe4 fxe4 19. Kb1 c5 20. Rdd1 d4 21. a3
Qd5 22. c4 Qd7 23. Rc1 d3 24. Rhd1 Qd4 25. Bg4 Bxc4 26. Bf5 g6 27. Bxg6 hxg6
28. Qxg6+ Kf8 29. Qh6+ Ke7 30. Qf6+ Kd7 31. Qxb6 e3 32. Qxb7+ Ke6 33. Qc6+ Ke7
34. Qf6+ Kd7 35. Rxc4 Qxc4 36. Qd6+ Kc8 37. Qc6+ Kd8 38. Qd6+ Kc8 39. Qc6+ Kd8
1/2-1/2

[Event "Chess Festival Groningen 2018 BC"]
[Site "Groningen, Netherlands"]
[Date "2018.12.23"]
[Round "3"]
[White "Van Dijk, Dominic"]
[Black "Den Boer, Paul"]
[Result "1/2-1/2"]
[WhiteElo "1672"]
[BlackElo "1907"]
[PlyCount "37"]
[EventDate "2018.12.??"]

1. d4 Nf6 2. c4 g6 3. Nc3 d5 4. c5 Bg7 5. Nf3 O-O 6. Bf4 b6 7. b4 a5 8. a3 axb4
9. axb4 Rxa1 10. Qxa1 bxc5 11. bxc5 Ne4 12. e3 Nxc3 13. Qxc3 Nc6 14. Bd3 f6 15.
O-O Bg4 16. Bb5 Na7 17. Be2 Nc6 18. Bb5 Na7 19. Be2 1/2-1/2

[Event "Chess Festival Groningen 2018 BC"]
[Site "Groningen, Netherlands"]
[Date "2018.12.23"]
[Round "3"]
[White "Van Foreest, Nanne"]
[Black "Pompstra, Henk"]
[Result "1-0"]
[WhiteElo "1611"]
[BlackElo "1758"]
[PlyCount "89"]
[EventDate "2018.12.??"]

1. c4 e6 2. Nc3 c6 3. Nf3 d5 4. b3 f5 5. d4 Nf6 6. e3 Be7 7. g3 O-O 8. Bg2 Bd7
9. O-O Be8 10. Bb2 Bh5 11. Qd2 Nbd7 12. Ne2 Ne4 13. Qc2 g5 14. Ne5 Rc8 15. f3
Nd6 16. c5 Nf7 17. Nxd7 Qxd7 18. e4 Bg6 19. exd5 exd5 20. f4 gxf4 21. Nxf4 Ng5
22. Rae1 Ne4 23. g4 Bh4 24. Re3 Bg5 25. Ree1 fxg4 26. Nxg6 Rxf1+ 27. Rxf1 Be3+
28. Kh1 g3 29. Ne5 Qe7 30. Bxe4 Qh4 31. Qg2 dxe4 32. Qxg3+ Qxg3 33. hxg3 Bd2
34. Kg2 Rc7 35. Nc4 Bg5 36. Rf5 h6 37. Re5 Kg7 38. Rxe4 h5 39. Ne3 Rf7 40. Re8
Kh7 41. Re5 Kg6 42. b4 h4 43. Re6+ Kh7 44. gxh4 Bxh4 45. Ng4 1-0

[Event "Chess Festival Groningen 2018 BC"]
[Site "Groningen, Netherlands"]
[Date "2018.12.24"]
[Round "4"]
[White "Baselmans, Daan"]
[Black "Karsdorp, Nico"]
[Result "0-1"]
[WhiteElo "1566"]
[BlackElo "1849"]
[PlyCount "70"]
[EventDate "2018.12.??"]

1. e4 c6 2. d4 d5 3. e5 Bf5 4. Be2 e6 5. Nf3 Nd7 6. O-O Ne7 7. Nbd2 Ng6 8. Nb3
Nh4 9. a4 Nxf3+ 10. Bxf3 Be7 11. Bd2 O-O 12. Re1 c5 13. c3 c4 14. Nc1 a5 15.
Bg4 Be4 16. b3 Nb6 17. b4 axb4 18. cxb4 Qc7 19. Ne2 Rfc8 20. Nc3 Bg6 21. Nb5
Qc6 22. Re3 Nxa4 23. Rxa4 Qxb5 24. Rea3 Rxa4 25. Qxa4 Qxa4 26. Rxa4 h5 27. Be2
c3 28. Bc1 Bd8 29. Ra7 Bb6 30. Rxb7 Bxd4 31. Ba6 Ra8 32. b5 Bxe5 33. f3 d4 34.
Kf2 Rb8 35. Rd7 Bd3 0-1

[Event "Chess Festival Groningen 2018 BC"]
[Site "Groningen, Netherlands"]
[Date "2018.12.24"]
[Round "4"]
[White "Blom, Yeb"]
[Black "Martinez, Sara"]
[Result "1-0"]
[WhiteElo "1989"]
[BlackElo "1583"]
[PlyCount "90"]
[EventDate "2018.12.??"]

1. c4 e6 2. Nf3 d5 3. e3 Nf6 4. b3 c5 5. Bb2 Nc6 6. d4 a6 7. Nbd2 cxd4 8. exd4
Be7 9. Be2 Qc7 10. O-O O-O 11. Rc1 b6 12. Ne5 Bb7 13. Ndf3 dxc4 14. Rxc4 b5 15.
Rc2 Qb6 16. Nxc6 Bxc6 17. Ne5 Be4 18. Bd3 Bxd3 19. Qxd3 Rfc8 20. Rfc1 Qb7 21.
Qf3 Rcb8 22. Rc8+ Qxc8 23. Rxc8+ Rxc8 24. Qb7 Nd5 25. Nc6 Bf8 26. g3 h6 27. Kg2
Kh7 28. a3 Kh8 29. b4 Bd6 30. Bc1 g5 31. h4 gxh4 32. Bxh6 hxg3 33. fxg3 Bc7 34.
Kf3 Kh7 35. Bf4 Nxf4 36. gxf4 Kg7 37. Ne7 Rab8 38. Qc6 Re8 39. Qxc7 Kf8 40. Nc6
Kg7 41. Ke4 Rh8 42. Qd7 Rhe8 43. Ke5 Rh8 44. Kd6 Rhf8 45. f5 exf5 1-0

[Event "Chess Festival Groningen 2018 BC"]
[Site "Groningen, Netherlands"]
[Date "2018.12.24"]
[Round "4"]
[White "Bous, Florian"]
[Black "Zuiderweg, Edwin"]
[Result "0-1"]
[WhiteElo "1994"]
[BlackElo "1942"]
[PlyCount "136"]
[EventDate "2018.12.??"]

1. d4 Nf6 2. c4 c5 3. d5 b5 4. cxb5 a6 5. bxa6 Bxa6 6. Nc3 d6 7. g3 g6 8. Bg2
Bg7 9. Nf3 Nbd7 10. Rb1 Nb6 11. O-O Bc4 12. Nd2 Bxd5 13. Nxd5 Nfxd5 14. Qb3 e6
15. e4 Nb4 16. a3 Nc6 17. Qb5 Rc8 18. b4 cxb4 19. Rxb4 Nd7 20. Nc4 Qc7 21. Ra4
Rb8 22. Qa6 Nc5 23. Nxd6+ Kf8 24. Qc4 Qxd6 25. Rb4 Nxb4 26. axb4 Nd7 27. b5 Qc5
28. Qa2 Bc3 29. Ba3 Bb4 30. Bb2 e5 31. Rd1 Nb6 32. Qa7 Kg7 33. Rc1 Ra8 34. Qb7
Rhb8 35. Qc6 Qxc6 36. bxc6 f6 37. c7 Rc8 38. Bh3 Bd6 39. Rc6 Bxc7 40. f4 Bd8
41. Bxc8 Rxc8 42. Rxc8 Nxc8 43. fxe5 fxe5 44. Bxe5+ Bf6 45. Bc7 Bd4+ 46. Kg2
Kf6 47. h4 Ke6 48. Kf3 Nd6 49. g4 Be5 50. Ba5 Nc4 51. Bb4 Bd6 52. Bc3 Ne5+ 53.
Kg3 Nc6+ 54. Kf3 Be5 55. Bd2 Nd4+ 56. Ke3 Nb3 57. Be1 h6 58. Bb4 Kf7 59. Be1
Nd4 60. Bd2 Ne6 61. Kf3 g5 62. Bc1 Bf4 63. Bb2 gxh4 64. Ba3 h3 65. Bb4 Ng5+ 66.
Kf2 Nxe4+ 67. Kg1 h2+ 68. Kg2 Nf2 0-1

[Event "Chess Festival Groningen 2018 BC"]
[Site "Groningen, Netherlands"]
[Date "2018.12.24"]
[Round "4"]
[White "Broersma, Sven"]
[Black "Torenbosch, Jorn"]
[Result "0-1"]
[WhiteElo "1612"]
[BlackElo "1727"]
[PlyCount "58"]
[EventDate "2018.12.??"]

1. d4 e6 2. c4 b6 3. Nc3 Bb4 4. Qc2 Bb7 5. a3 Bxc3+ 6. Qxc3 f5 7. Nf3 Nf6 8. g3
O-O 9. Bg2 d6 10. b4 Nbd7 11. c5 Ne4 12. Qb3 Bd5 13. Qc2 bxc5 14. dxc5 Qe7 15.
c6 Ndf6 16. Bb2 Rfb8 17. Rc1 e5 18. Nd2 a5 19. Nxe4 Nxe4 20. Qd3 Qe6 21. b5 a4
22. O-O Nf6 23. Bxd5 Qxd5 24. Qxf5 Rxb5 25. Bc3 Rc5 26. Rfd1 Qxc6 27. Rd3 Kh8
28. Rf3 e4 29. Re3 Rxf5 0-1

[Event "Chess Festival Groningen 2018 BC"]
[Site "Groningen, Netherlands"]
[Date "2018.12.24"]
[Round "4"]
[White "De Vries, Leon"]
[Black "Kastelijn, Toine"]
[Result "0-1"]
[WhiteElo "1692"]
[BlackElo "1942"]
[PlyCount "60"]
[EventDate "2018.12.??"]

1. d4 Nf6 2. c4 e6 3. g3 d5 4. Nf3 Be7 5. Bg2 O-O 6. O-O dxc4 7. Qc2 b6 8. Ne5
Qxd4 9. Bxa8 Qxe5 10. Bf3 Nd5 11. a3 Nc6 12. Qe4 Qxe4 13. Bxe4 Nd4 14. Bxd5
Nxe2+ 15. Kg2 exd5 16. Nc3 Nxc3 17. bxc3 Bf6 18. Bb2 Bb7 19. Kg1 Rd8 20. Rad1
c5 21. Rd2 b5 22. Ba1 h6 23. Rfd1 a5 24. Rb1 Bc6 25. Kf1 b4 26. axb4 cxb4 27.
cxb4 Bxa1 28. b5 Bxb5 29. Rxb5 d4 30. Rxa5 Bc3 0-1

[Event "Chess Festival Groningen 2018 BC"]
[Site "Groningen, Netherlands"]
[Date "2018.12.24"]
[Round "4"]
[White "Den Boer, Paul"]
[Black "Neisingh, Nils"]
[Result "1/2-1/2"]
[WhiteElo "1907"]
[BlackElo "1662"]
[PlyCount "25"]
[EventDate "2018.12.??"]

1. d4 Nf6 2. c4 c5 3. e3 e6 4. Nf3 Be7 5. Be2 O-O 6. O-O d6 7. dxc5 dxc5 8.
Qxd8 Rxd8 9. b3 Nc6 10. Bb2 b6 11. Nc3 Bb7 12. Rfd1 h6 13. h3 1/2-1/2

[Event "Chess Festival Groningen 2018 BC"]
[Site "Groningen, Netherlands"]
[Date "2018.12.24"]
[Round "4"]
[White "Grooten, Tommy"]
[Black "Van Mulken, Nanning"]
[Result "1-0"]
[WhiteElo "1552"]
[BlackElo "1639"]
[PlyCount "57"]
[EventDate "2018.12.??"]

1. e4 c5 2. d4 cxd4 3. Nf3 Nc6 4. Nxd4 e6 5. Nc3 Qc7 6. Be3 a6 7. Qd2 Nf6 8.
O-O-O Bb4 9. f3 Ne5 10. Be2 b5 11. g4 Nc4 12. Bxc4 Bxc3 13. Qxc3 Qxc4 14. Qxc4
bxc4 15. g5 Nh5 16. Rhe1 Bb7 17. Bd2 O-O 18. f4 a5 19. f5 a4 20. Bb4 Rfc8 21.
Nb5 Bc6 22. Nd6 Rcb8 23. a3 Rxb4 24. axb4 c3 25. b5 cxb2+ 26. Kxb2 Rb8 27. Ka3
Rxb5 28. Nxb5 Bxb5 29. Rb1 1-0

[Event "Chess Festival Groningen 2018 BC"]
[Site "Groningen, Netherlands"]
[Date "2018.12.24"]
[Round "4"]
[White "Hofstra, Tijmen"]
[Black "Martinez, Anna"]
[Result "1-0"]
[WhiteElo "1706"]
[BlackElo "1868"]
[PlyCount "49"]
[EventDate "2018.12.??"]

1. e4 c5 2. b3 e6 3. Bb2 a6 4. Bc4 Nc6 5. Nf3 d6 6. d4 cxd4 7. Nxd4 Nf6 8. Nc3
Be7 9. Be2 O-O 10. O-O Qc7 11. Bf3 Ne5 12. Re1 b6 13. Be2 Bb7 14. Bf1 Nfd7 15.
f4 Nc6 16. Nxc6 Qxc6 17. Nd5 Rfe8 18. Qg4 Bf8 19. Nc3 Qc5+ 20. Kh1 f5 21. exf5
exf5 22. Qg3 Nf6 23. Na4 Nh5 24. Qh4 Qb4 25. Bc3 1-0

[Event "Chess Festival Groningen 2018 BC"]
[Site "Groningen, Netherlands"]
[Date "2018.12.24"]
[Round "4"]
[White "Hoogeboom, Boudewijn"]
[Black "Dekker, Ichelle"]
[Result "1-0"]
[WhiteElo "1665"]
[BlackElo "1345"]
[PlyCount "39"]
[EventDate "2018.12.??"]

1. d4 d5 2. c4 e6 3. Nf3 Nf6 4. Nc3 c6 5. e3 Be7 6. Bd3 O-O 7. O-O Nbd7 8. b3
b6 9. Bb2 Bb7 10. Qc2 c5 11. Ne5 a6 12. f3 Qc7 13. Ne2 Bd6 14. Nxd7 Qxd7 15. e4
dxe4 16. fxe4 Ng4 17. e5 Ne3 18. Bxh7+ Kh8 19. Qd3 Nxf1 20. Qh3 1-0

[Event "Chess Festival Groningen 2018 BC"]
[Site "Groningen, Netherlands"]
[Date "2018.12.24"]
[Round "4"]
[White "Koedijk, Klaas Jan"]
[Black "Sprik, Sander"]
[Result "1/2-1/2"]
[WhiteElo "1776"]
[BlackElo "1911"]
[PlyCount "37"]
[EventDate "2018.12.??"]

1. e4 c5 2. Nf3 d6 3. d4 cxd4 4. Nxd4 Nf6 5. Nc3 a6 6. Be3 e5 7. Nb3 Be6 8. Be2
Be7 9. O-O O-O 10. Kh1 d5 11. exd5 Nxd5 12. Nxd5 Qxd5 13. Bf3 e4 14. Be2 Nc6
15. Qxd5 Bxd5 16. Nc5 Ne5 17. Bd4 Nc6 18. Be3 Ne5 19. Bd4 1/2-1/2

[Event "Chess Festival Groningen 2018 BC"]
[Site "Groningen, Netherlands"]
[Date "2018.12.24"]
[Round "4"]
[White "Molanus, Florian"]
[Black "Rogojina, Alexandru-Andrei"]
[Result "0-1"]
[WhiteElo "1270"]
[BlackElo "1300"]
[PlyCount "38"]
[EventDate "2018.12.??"]

1. d4 d5 2. c4 Nc6 3. Nf3 Bg4 4. cxd5 Bxf3 5. dxc6 Bxc6 6. Nc3 e6 7. Bd2 Qxd4
8. e3 Qd7 9. Qc2 Nf6 10. Bd3 O-O-O 11. Bf1 Nd5 12. Nxd5 Bxd5 13. e4 Bxe4 14.
Qd1 h6 15. b4 Be7 16. a4 Bf6 17. Ra3 Qd5 18. f3 Bh7 19. b5 Bg5 0-1

[Event "Chess Festival Groningen 2018 BC"]
[Site "Groningen, Netherlands"]
[Date "2018.12.24"]
[Round "4"]
[White "Muller, Kenneth"]
[Black "Rupert, Casper"]
[Result "1/2-1/2"]
[WhiteElo "1805"]
[BlackElo "2055"]
[PlyCount "121"]
[EventDate "2018.12.??"]

1. d4 d5 2. Bf4 g6 3. e3 Bg7 4. Nf3 Nf6 5. h3 c5 6. Nbd2 Nc6 7. c3 O-O 8. Bd3
Nd7 9. O-O e5 10. dxe5 Ndxe5 11. Bc2 Be6 12. Nxe5 Nxe5 13. Nf3 Nxf3+ 14. Qxf3
Qb6 15. e4 Qxb2 16. exd5 Qxc2 17. dxe6 Qxc3 18. Qxb7 Qb4 19. exf7+ Kh8 20. Qxb4
cxb4 21. Rae1 Rxf7 22. Be5 a5 23. Bxg7+ Kxg7 24. Re5 Rb7 25. f4 a4 26. f5 b3
27. axb3 axb3 28. fxg6 hxg6 29. Ree1 Ra2 30. Rb1 b2 31. Rf2 Ra1 32. Rff1 Rxb1
33. Rxb1 Kf6 34. Kf2 Ke5 35. Ke3 Rb3+ 36. Ke2 Kd4 37. Kd2 Rg3 38. Kc2 Rxg2+ 39.
Kb3 g5 40. Ka2 Ke3 41. Rf1 Ke2 42. Rf8 Kd1 43. Kb1 Ke1 44. Rf7 Rf2 45. Rg7 Rf5
46. Kxb2 Kf2 47. Kc2 Ke3 48. Re7+ Kf3 49. Rg7 Rd5 50. Rh7 Kf4 51. Rf7+ Kg3 52.
Rh7 Ra5 53. Rh5 Rc5+ 54. Kd3 Rd5+ 55. Ke4 Ra5 56. Ke3 Rf5 57. Ke4 Rf4+ 58. Ke3
Rf5 59. Ke4 Rf4+ 60. Ke3 Rf5 61. Ke4 1/2-1/2

[Event "Chess Festival Groningen 2018 BC"]
[Site "Groningen, Netherlands"]
[Date "2018.12.24"]
[Round "4"]
[White "Pompstra, Henk"]
[Black "Smit, Tom"]
[Result "1-0"]
[WhiteElo "1758"]
[BlackElo "1514"]
[PlyCount "39"]
[EventDate "2018.12.??"]

1. d4 Nf6 2. Bg5 Ne4 3. h4 Nxg5 4. hxg5 d5 5. g6 fxg6 6. Nf3 Nc6 7. e3 Qd6 8.
Nc3 Bf5 9. Bd3 O-O-O 10. Nh4 Qf6 11. a3 e6 12. f4 a6 13. b4 Be7 14. b5 axb5 15.
Nxb5 Bxd3 16. cxd3 Rhf8 17. Qa4 Kd7 18. Nf3 h6 19. Ne5+ Ke8 20. Nxc7# 1-0

[Event "Chess Festival Groningen 2018 BC"]
[Site "Groningen, Netherlands"]
[Date "2018.12.24"]
[Round "4"]
[White "Schlepuetz, Volker"]
[Black "Manenschijn, Wouter"]
[Result "0-1"]
[WhiteElo "1504"]
[BlackElo "1798"]
[PlyCount "56"]
[EventDate "2018.12.??"]

1. d4 f5 2. c4 e6 3. Nc3 Nf6 4. Nf3 Bb4 5. Bd2 O-O 6. e3 b6 7. Be2 Bb7 8. O-O
Bxc3 9. Bxc3 d6 10. b4 Ne4 11. Bb2 Nd7 12. a4 a5 13. bxa5 Rxa5 14. Nd2 Nxd2 15.
Qxd2 Qg5 16. f3 Rfa8 17. Bd1 Bc6 18. Bc3 R5a7 19. f4 Qg6 20. a5 bxa5 21. Ba4
Bxa4 22. Rxa4 Nb6 23. Rfa1 Nxa4 24. Rxa4 Qe8 25. Rxa5 Rxa5 26. Bxa5 Qa4 27. Bc3
Qxc4 28. Qb2 Ra2 0-1

[Event "Chess Festival Groningen 2018 BC"]
[Site "Groningen, Netherlands"]
[Date "2018.12.24"]
[Round "4"]
[White "Schwenke, Stefan"]
[Black "Paans, Johnny"]
[Result "0-1"]
[WhiteElo "1737"]
[BlackElo "1968"]
[PlyCount "26"]
[EventDate "2018.12.??"]

1. e4 g6 2. d4 Bg7 3. Be3 d6 4. c3 Nf6 5. Bd3 O-O 6. h3 Nbd7 7. Ne2 c5 8. Nd2
b5 9. g4 Bb7 10. Ng3 Qa5 11. b4 Qc7 12. O-O Nb6 13. dxc5 dxc5 0-1

[Event "Chess Festival Groningen 2018 BC"]
[Site "Groningen, Netherlands"]
[Date "2018.12.24"]
[Round "4"]
[White "Van Dijk, Dominic"]
[Black "Haan, Gertjan"]
[Result "0-1"]
[WhiteElo "1672"]
[BlackElo "1881"]
[PlyCount "114"]
[EventDate "2018.12.??"]

1. d4 Nf6 2. c4 g6 3. Nc3 Bg7 4. e4 d6 5. f4 O-O 6. Nf3 c5 7. d5 e6 8. Bd3 exd5
9. cxd5 Re8 10. O-O c4 11. Bc2 b5 12. a3 a5 13. Re1 Bg4 14. h3 Bxf3 15. Qxf3
Nbd7 16. Be3 b4 17. axb4 axb4 18. Nb5 Rxa1 19. Rxa1 Qb8 20. Nd4 Nc5 21. Nc6 Qb6
22. Ra7 b3 23. Bb1 Nxd5 24. exd5 Bxb2 25. f5 Rxe3 26. Qxe3 Nd7 27. Qxb6 Nxb6
28. fxg6 hxg6 29. Na5 Bc3 30. Kf1 Bxa5 31. Rxa5 c3 32. Ra3 Nc4 33. Ra8+ Kg7 34.
Ke2 c2 35. Bxc2 bxc2 36. Ra1 Na5 37. Rc1 Nb3 38. Rxc2 Nd4+ 39. Kd2 Nxc2 40.
Kxc2 Kf6 41. Kd3 Ke5 42. Kc4 Kf4 43. Kb5 g5 44. Kc6 Ke5 45. g3 f5 46. h4 f4 47.
gxf4+ gxf4 48. h5 f3 49. h6 Kf6 50. Kxd6 f2 51. h7 Kg7 52. Ke7 f1=Q 53. h8=Q+
Kxh8 54. d6 Kg7 55. Kd8 Qf8+ 56. Kc7 Kf7 57. d7 Ke7 0-1

[Event "Chess Festival Groningen 2018 BC"]
[Site "Groningen, Netherlands"]
[Date "2018.12.24"]
[Round "4"]
[White "Van den Heuvel, Annelies"]
[Black "Turenhout, Ryanne"]
[Result "1-0"]
[WhiteElo "1597"]
[BlackElo "1485"]
[PlyCount "57"]
[EventDate "2018.12.??"]

1. e4 e6 2. Nf3 d5 3. e5 c5 4. b4 Nc6 5. bxc5 Bxc5 6. d4 Bb6 7. c3 Nge7 8. Bd3
Bd7 9. O-O Rc8 10. Ng5 Ng6 11. Qf3 O-O 12. h4 Nxd4 13. cxd4 Bxd4 14. Qh5 h6 15.
Nxf7 Nf4 16. Bxf4 Rxf7 17. Bxh6 gxh6 18. Qg4+ Rg7 19. Qxd4 a6 20. Nd2 Qe8 21.
Rac1 Bc6 22. Nb3 Qd8 23. Rc2 Qc7 24. Rfc1 Rf8 25. Nc5 Qe7 26. Nxa6 Qf7 27. Nc5
Qf3 28. g3 Rxg3+ 29. fxg3 1-0

[Event "Chess Festival Groningen 2018 BC"]
[Site "Groningen, Netherlands"]
[Date "2018.12.24"]
[Round "4"]
[White "Van der Hagen, Loek"]
[Black "Van Foreest, Nanne"]
[Result "1/2-1/2"]
[WhiteElo "1830"]
[BlackElo "1611"]
[PlyCount "81"]
[EventDate "2018.12.??"]

1. e4 e5 2. Nf3 Nc6 3. Bb5 Nf6 4. d3 Bc5 5. c3 d5 6. exd5 Qxd5 7. Bc4 Qd6 8.
O-O O-O 9. b4 Bb6 10. Ba3 Ne7 11. Qb3 c5 12. Re1 Ng6 13. Ng5 Nh8 14. Nd2 Bf5
15. Ndf3 Rae8 16. Ne4 Nxe4 17. dxe4 Bg4 18. Re3 Rc8 19. h3 Bd7 20. Rd1 Qc7 21.
bxc5 Bxc5 22. Bxc5 Qxc5 23. Rxd7 Qxc4 24. Qxc4 Rxc4 25. Rxb7 Ng6 26. Rxa7 f6
27. Rd3 Rf7 28. Ra8+ Rf8 29. Rxf8+ Kxf8 30. Nd2 Ra4 31. g3 Rxa2 32. Kf1 Ke7 33.
Ke2 h5 34. h4 Nf8 35. Ke3 Ne6 36. Nf3 g6 37. Rd5 Rc2 38. Ra5 Rxc3+ 39. Ke2 Nc5
40. Ra7+ Nd7 41. Ra2 1/2-1/2

[Event "Chess Festival Groningen 2018 BC"]
[Site "Groningen, Netherlands"]
[Date "2018.12.24"]
[Round "4"]
[White "Visser, Johan"]
[Black "Van Heuveln, Henk"]
[Result "1-0"]
[WhiteElo "1739"]
[BlackElo "1379"]
[PlyCount "62"]
[EventDate "2018.12.??"]

1. a4 d6 2. Ra3 Nd7 3. e4 e5 4. Rf3 Ngf6 5. Nc3 Nc5 6. d4 Bg4 7. dxc5 Bxf3 8.
Qxf3 c6 9. Bc4 dxc5 10. Nge2 Be7 11. g4 h6 12. h4 Qc7 13. g5 hxg5 14. Bxg5 a6
15. Ng3 b5 16. Be2 b4 17. Nd1 Qa5 18. Qb3 Nd7 19. Bxe7 Kxe7 20. Nf5+ Kf8 21.
Nde3 Nf6 22. Nd6 Ra7 23. Nec4 Qc7 24. Qg3 Qe7 25. Rg1 g6 26. Nxe5 Nh5 27. Qh2
Qf6 28. Nd3 Qd4 29. e5 c4 30. Rg4 Qd5 31. Nxb4 c5 1-0

[Event "Chess Festival Groningen 2018 BC"]
[Site "Groningen, Netherlands"]
[Date "2018.12.24"]
[Round "4"]
[White "Wahrenberg, Ralf"]
[Black "Ritter, Uwe"]
[Result "1/2-1/2"]
[WhiteElo "1849"]
[BlackElo "2014"]
[PlyCount "90"]
[EventDate "2018.12.??"]

1. d4 Nf6 2. Nf3 e6 3. Bf4 c5 4. e3 d5 5. c3 Nc6 6. Nbd2 Bd6 7. Bg3 O-O 8. Bd3
Qc7 9. Rc1 e5 10. dxe5 Nxe5 11. Nxe5 Bxe5 12. Bxe5 Qxe5 13. Nf3 Qh5 14. h3 Re8
15. Be2 Qg6 16. Nh4 Qg5 17. g3 Rxe3 18. fxe3 Qxg3+ 19. Kd2 Qxh4 20. Kc2 Bf5+
21. Bd3 Qf2+ 22. Kb1 Re8 23. Rf1 Bxd3+ 24. Qxd3 Qxe3 25. Qb5 b6 26. Rfe1 Qxe1
27. Rxe1 Rxe1+ 28. Kc2 g6 29. Qc6 Kg7 30. Qb7 Re6 31. Qxa7 h5 32. b4 cxb4 33.
cxb4 g5 34. a4 g4 35. hxg4 hxg4 36. a5 bxa5 37. bxa5 Ne4 38. Qd4+ Nf6 39. Qd3
Nd7 40. Qxd5 Nb8 41. Qg5+ Kf8 42. Qd8+ Re8 43. Qd6+ Kg7 44. a6 Nxa6 45. Qxa6
Re6 1/2-1/2